Cavernas y palacios : en busca de la conciencia en el cerebro /

La colección Ciencia que ladra… publicada por Siglo XXI en Argentina, se plantea como finalidad la divulgación científica dirigida a todo público, desde niños y sus maestros hasta adultos y toda persona interesada en el mundo de la ciencia que no necesariamente tiene una formación científica. La col...

Celý popis

Uloženo v:
Podrobná bibliografie
Hlavní autor: Golombek, Diego (autor)
Další autoři: Cereijido, Marcelino (prólogo) (prólogo), Golombek, Diego (presentación) (presentación)
Médium: Kniha
Jazyk:španělština
Vydáno: Buenos Aires, Argentina : Siglo XXI, 2008, c2008
Edice:(Ciencia que Ladra.... Serie Mayor)
Témata:
Tagy: Přidat tag
Žádné tagy, Buďte první, kdo vytvoří štítek k tomuto záznamu!

MARC

LEADER 00000nam^a2200000^a^4500
001 000303766
005 20250521000000.0
009 20260310112658.381
020 |a 978-987-1220-82-3 
037 |a Acervo ITESO - Biblioteca 
041 |a ESP 
082 |a 500.  |b LAD S. 2 V. 6 
100 |a Golombek, Diego  |e (autor) 
245 1 0 |a Cavernas y palacios :  |b en busca de la conciencia en el cerebro /  |c D. Golombek ; pról. de M. Cereijido ; presen. de D. Golombek. 
264 4 |a Buenos Aires, Argentina :  |b Siglo XXI,  |c 2008, c2008 
300 |a 214 p. 
336 |a texto  |b txt  |2 rdacontenido 
337 |a sin mediación  |b n  |2 rdamedio 
338 |a volumen  |b nc  |2 rdasoporte 
440 1 |a (Ciencia que Ladra....  |p Serie Mayor) 
520 |a La colección Ciencia que ladra… publicada por Siglo XXI en Argentina, se plantea como finalidad la divulgación científica dirigida a todo público, desde niños y sus maestros hasta adultos y toda persona interesada en el mundo de la ciencia que no necesariamente tiene una formación científica. La colección está dividida en dos series: serie clásica y serie mayor. La primera contiene textos que se caracterizan por mostrar fenómenos científicos en temas de la vida cotidiana; la serie mayor incluye textos más extensos donde se desarrollan temas en mayor profundidad, así como traducciones de obras de autores extranjeros. Esta colección la inició en 2002 el biólogo y divulgador científico Diego Golombek, en conjunto con la Universidad Nacional de Quilmes, en Buenos Aires. 
520 |a Estudio científico de la conciencia, capacidad de saber quiénes somos y que poseemos un cuerpo que siente, ubicando la responsabilidad de estas funciones en el cerebro. Se trata de una panorámica sobre los estudios sobre este órgano para comprender cuestiones que se llevan a cabo en los procesos de percepción. 
649 |a XX 
650 |a Conciencia -  |x Tema Principal 
650 |a Cerebro -  |x Localización de Funciones 
650 |a Percepción 
650 |a Psicología Cognitiva -  |x Investigación 
650 |a Neurociencias -  |x Difusión 
650 |a Ciencia -  |x Difusión 
700 |a Cereijido, Marcelino  |e (prólogo) 
700 |a Golombek, Diego  |e (presentación) 
910 |a Fondo General 
920 |a Impresos - Libros 
930 |a Colección General 
905 |a 101 
901 |a 0500190154  |b IT1  |c ACC  |i C124575  |u 20250521 
902 |a https://opac.biblio.iteso.mx/vufind/Record/000303766